Planning under pressure : the strategic choice approach
में बचाया:
| मुख्य लेखक: | |
|---|---|
| स्वरूप: | पुस्तक |
| भाषा: | Undetermined |
| प्रकाशित: |
New York,London
Elsevier
2005
|
| विषय: | |
| टैग : |
टैग जोड़ें
कोई टैग नहीं, इस रिकॉर्ड को टैग करने वाले पहले व्यक्ति बनें!
|
| Thư viện lưu trữ: | Trung tâm Học liệu Trường Đại học Cần Thơ |
|---|
| LEADER | 00511nam a2200181Ia 4500 | ||
|---|---|---|---|
| 001 | CTU_117965 | ||
| 008 | 210402s9999 xx 000 0 und d | ||
| 082 | |a 658.4012 | ||
| 082 | |b F899 | ||
| 100 | |a Friend, John | ||
| 245 | 0 | |a Planning under pressure : the strategic choice approach | |
| 245 | 0 | |c John Friend, Allen Hickling | |
| 260 | |a New York,London | ||
| 260 | |b Elsevier | ||
| 260 | |c 2005 | ||
| 650 | |a strategic planning | ||
| 904 | |i Năm | ||
| 980 | |a Trung tâm Học liệu Trường Đại học Cần Thơ | ||